[Event "Rhein Main op-B 25th"]
[Site "Bad Homburg"]
[Date "2023.06.10"]
[Round "5"]
[White "Mehlen, Theodor"]
[Black "Lee, Kwan Ho Matthew"]
[Result "1-0"]
[WhiteElo "1805"]
[BlackElo "1597"]
[PlyCount "107"]
[EventDate "2023.06.07"]
[EventType "swiss"]
[EventRounds "7"]
[EventCountry "GER"]
[SourceTitle "CBM 215 Extra"]
[Source "ChessBase"]
[SourceDate "2023.09.30"]
[SourceVersion "1"]
[SourceVersionDate "2023.09.30"]
[SourceQuality "1"]

1. e4 c6 2. d4 d5 3. exd5 cxd5 4. Bd3 Nc6 5. c3 Nf6 6. Bf4 Bg4 7. Qb3 Qd7 8. Nd2 e6 9. Ngf3 Bd6 10. Bxd6 Qxd6 11. 0-0 0-0 12. Rfe1 Qc7 13. h3 Bh5 14. Qc2 Bg6 15. Bxg6 hxg6 16. Qd3 a5 17. Nf1 Rfb8 18. Ne3 b5 19. Rac1 Qf4 20. Nf1 Ne4 21. g3 Qf5 22. g4 Qf4 23. Qe3 Qh6 24. Qxh6 gxh6 25. N1d2 f5 26. Nxe4 fxe4 27. Ne5 Nxe5 28. dxe5 Rf8 29. Re3 Ra7 30. Rf1 Raf7 31. Kg2 Rf3 32. Rxf3 Rxf3 33. Rd1 g5 34. Rd4 Rf7 35. a4 Rb7 36. b4 bxa4 37. bxa5 Rb2 38. Rxa4 e3 39. Kf1 Rxf2+ 40. Ke1 Rf7 41. a6 Ra7 42. Ke2 Kf7 43. Kxe3 Ke7 44. Kd4 Kd7 45. Kc5 Kc7 46. Kb5 Ra8 47. a7 Kb7 48. Kc5 Kc7 49. Ra2 Kd7 50. Kb6 Kc8 51. Kc6 d4 52. cxd4 h5 53. gxh5 g4 54. h6 1-0

[Event "Heusenstamm Schloss op"]
[Site "Heusenstamm"]
[Date "2022.11.19"]
[Round "5"]
[White "Mehlen, Theodor"]
[Black "Sarbu, Marc Constantin"]
[Result "1-0"]
[WhiteElo "1827"]
[BlackElo "1557"]
[PlyCount "121"]
[EventDate "2022.11.17"]
[EventType "swiss"]
[EventRounds "7"]
[EventCountry "GER"]
[SourceTitle "CBM 212 Extra"]
[Source "ChessBase"]
[SourceDate "2023.03.31"]
[SourceVersion "1"]
[SourceVersionDate "2023.03.31"]
[SourceQuality "1"]

1. e4 d5 2. exd5 Qxd5 3. Nc3 Qd8 4. d4 Nf6 5. Nf3 Bg4 6. Be2 e6 7. h3 Bh5 8. 0-0 Bd6 9. Nb5 Be7 10. c4 c6 11. Nc3 0-0 12. Be3 Nbd7 13. Qc2 Qc7 14. Rad1 Rfd8 15. Qc1 Rac8 16. Rfe1 Qb8 17. Nh4 Bxe2 18. Rxe2 b5 19. Bf4 Qb7 20. c5 b4 21. Nb1 Nd5 22. Bg3 Qa6 23. Ree1 Qxa2 24. Nd2 N7f6 25. Nhf3 Qa6 26. Nc4 Nh5 27. Bd6 Nhf4 28. Bxe7 Nxe7 29. Qc2 Nf5 30. Kh2 Rb8 31. g4 b3 32. Qc1 Ne7 33. Nd6 Nfd5 34. Ng5 Rf8 35. Qd2 h6 36. Nf3 Nc8 37. Ra1 Qxa1 38. Rxa1 Nxd6 39. cxd6 Rb7 40. Ne5 Rd8 41. d7 f6 42. Nd3 Rbxd7 43. Nc5 Re7 44. Qd1 e5 45. dxe5 fxe5 46. Ne4 Rb8 47. Ra6 Rc7 48. Ra3 Rb4 49. f3 Rcb7 50. Qg1 Rf7 51. Kg3 Nb6 52. Qc5 Rc4 53. Qxe5 Rc2 54. Rxb3 Nc4 55. Rb8+ Kh7 56. Ng5+ hxg5 57. Qe4+ g6 58. Qxc2 Ne5 59. Qc3 Rxf3+ 60. Qxf3 Nxf3 61. Kxf3 1-0

[Event "Heusenstamm Schloss op"]
[Site "Heusenstamm"]
[Date "2022.11.17"]
[Round "1"]
[White "Kocharin, Timur"]
[Black "Mehlen, Theodor"]
[Result "1-0"]
[WhiteElo "2103"]
[BlackElo "1827"]
[PlyCount "65"]
[EventDate "2022.11.17"]
[EventType "swiss"]
[EventRounds "7"]
[EventCountry "GER"]
[SourceTitle "CBM 212 Extra"]
[Source "ChessBase"]
[SourceDate "2023.03.31"]
[SourceVersion "1"]
[SourceVersionDate "2023.03.31"]
[SourceQuality "1"]

1. d4 d5 2. c4 e6 3. Nc3 Nf6 4. Bg5 Be7 5. cxd5 exd5 6. e3 0-0 7. Bd3 c6 8. Nge2 Nbd7 9. 0-0 h6 10. Bh4 Nb6 11. Qc2 Nh5 12. Bxe7 Qxe7 13. Rae1 Nf6 14. Ng3 Be6 15. f3 Qd7 16. Nce2 Rae8 17. Nf4 Qd6 18. Nxe6 Rxe6 19. Nf5 Qd8 20. Qf2 Nh7 21. e4 Rfe8 22. e5 Nc8 23. f4 f6 24. Qg3 Qd7 25. Nxh6+ Kh8 26. Bxh7 Kxh7 27. f5 R6e7 28. e6 Qc7 29. Qg6+ Kh8 30. Nf7+ Kg8 31. Qh5 Rxf7 32. exf7+ Kf8 33. Rxe8# 1-0

[Event "Frankfurt-chA"]
[Site "Frankfurt"]
[Date "2022.05.16"]
[Round "4"]
[White "Raumanns, Niklas"]
[Black "Mehlen, Theodor"]
[Result "1/2-1/2"]
[WhiteElo "1756"]
[BlackElo "1860"]
[PlyCount "57"]
[EventDate "2022.04.25"]
[EventType "swiss"]
[EventRounds "7"]
[EventCountry "GER"]
[SourceTitle "EXT 2023"]
[Source "ChessBase"]
[SourceDate "2022.10.05"]
[SourceVersion "1"]
[SourceVersionDate "2022.10.05"]
[SourceQuality "1"]

1. e4 c5 2. Nf3 d6 3. d4 cxd4 4. Nxd4 Nf6 5. Nc3 a6 6. Be2 e5 7. Nb3 Be7 8. Be3 Be6 9. Qd2 0-0 10. f3 d5 11. exd5 Nxd5 12. Nxd5 Bxd5 13. 0-0-0 Bxb3 14. Qxd8 Bxd8 15. axb3 Be7 16. Bb6 Rc8 17. Rd5 Nc6 18. Rd7 a5 19. Bb5 Bd8 20. Bxd8 Nxd8 21. Rhd1 Kf8 22. R1d5 f6 23. Bd3 h6 24. Be4 Ne6 25. Rxb7 Nc5 26. Rb6 Nxe4 27. fxe4 a4 28. bxa4 Rxa4 29. Rbd6 1/2-1/2

[Event "Heusenstamm Sparkassen op-A 6th"]
[Site "Heusenstamm"]
[Date "2019.11.22"]
[Round "3"]
[White "Mehlen, Theodor"]
[Black "Schmidt, Max"]
[Result "0-1"]
[WhiteElo "1839"]
[BlackElo "1976"]
[PlyCount "78"]
[EventDate "2019.11.21"]
[EventType "swiss"]
[EventRounds "7"]
[EventCountry "GER"]
[SourceTitle "CBM 194 Extra"]
[Source "ChessBase"]
[SourceDate "2020.03.31"]
[SourceVersion "1"]
[SourceVersionDate "2020.03.31"]
[SourceQuality "1"]

1. e4 c5 2. Nc3 g6 3. f4 Bg7 4. Nf3 Nc6 5. Bb5 Nd4 6. 0-0 Nxb5 7. Nxb5 d5 8. e5 a6 9. Nc3 Bg4 10. d3 e6 11. h3 Bxf3 12. Qxf3 h5 13. Ne2 Ne7 14. Be3 b6 15. Rab1 Nc6 16. Rfc1 Rc8 17. a4 Bf8 18. Qf2 Be7 19. c3 g5 20. g3 gxf4 21. Bxf4 Kd7 22. d4 Qg8 23. Kh2 Rf8 24. Qg2 c4 25. b3 Na5 26. bxc4 Nxc4 27. Ng1 h4 28. g4 Bg5 29. Rf1 Kc6 30. Rb4 b5 31. Qf2 Be7 32. axb5+ axb5 33. Rb3 f5 34. exf6 Rxf6 35. Qe2 Rxf4 36. Rxf4 Bd6 37. Qf1 Qb8 38. Ne2 Nd2 39. Qa1 Nxb3 0-1

[Event "Eschborn op"]
[Site "Eschborn"]
[Date "2019.08.18"]
[Round "4.29"]
[White "Mehlen, Theodor"]
[Black "Heun, Andreas"]
[Result "1-0"]
[WhiteElo "1805"]
[BlackElo "1566"]
[PlyCount "89"]
[EventDate "2019.08.16"]
[EventType "swiss"]
[EventRounds "5"]
[EventCountry "GER"]
[SourceTitle "EXT 2024"]
[Source "ChessBase"]
[SourceDate "2023.10.10"]
[SourceVersion "1"]
[SourceVersionDate "2023.10.10"]
[SourceQuality "1"]

1. e4 c5 2. Nc3 g6 3. f4 Bg7 4. Nf3 Nc6 5. Bb5 Nd4 6. 0-0 Nxb5 7. Nxb5 Qb6 8. Nc3 d6 9. Qe1 Nh6 10. d3 0-0 11. Nd5 Qd8 12. h3 e6 13. Nc3 a6 14. Bd2 b5 15. Rb1 b4 16. Ne2 Bd7 17. Qc1 f5 18. c3 a5 19. Be3 Bc6 20. e5 Rc8 21. Qd2 Nf7 22. d4 Be4 23. Rbd1 Qc7 24. dxc5 Bxf3 25. exd6 bxc3 26. Nxc3 Qb7 27. Rxf3 Rb8 28. b3 Rfd8 29. Bd4 Bh6 30. Qe2 Qd7 31. Bf6 Re8 32. Na4 Bg7 33. Bxg7 Kxg7 34. Re3 Nd8 35. Qb2+ Kf7 36. Qc3 Nc6 37. Nb6 Rxb6 38. cxb6 Nb4 39. Qc7 Rd8 40. Qxd7+ Rxd7 41. Rc3 Nd5 42. Rxd5 exd5 43. Rc7 Ke6 44. Rxd7 Kxd7 45. b7 1-0

[Event "Hofheim Spring op-B 7th"]
[Site "Hofheim"]
[Date "2019.04.23"]
[Round "1"]
[White "Mehlen, Theodor"]
[Black "Waligora, Franciszek"]
[Result "0-1"]
[WhiteElo "1865"]
[BlackElo "1694"]
[PlyCount "110"]
[EventDate "2019.04.23"]
[EventType "swiss"]
[EventRounds "9"]
[EventCountry "GER"]
[SourceTitle "CBM 190 Extra"]
[Source "ChessBase"]
[SourceDate "2019.07.15"]
[SourceVersion "1"]
[SourceVersionDate "2019.07.15"]
[SourceQuality "1"]

1. e4 e5 2. Nf3 Nc6 3. Bc4 Bc5 4. c3 Nf6 5. d3 d6 6. Bb3 h6 7. Nbd2 0-0 8. Nf1 a6 9. h3 Be6 10. Bc2 Bb6 11. Ng3 Ne7 12. 0-0 Ng6 13. Re1 Qd7 14. d4 exd4 15. cxd4 c6 16. Be3 Ba5 17. Bd2 Bxd2 18. Qxd2 Rad8 19. a4 Rfe8 20. Ra3 Qc8 21. b4 c5 22. d5 Bd7 23. bxc5 Qxc5 24. Rc3 Qa5 25. Qd4 Rc8 26. Ree3 b5 27. axb5 Bxb5 28. Nf5 Rxc3 29. Qxc3 Qxc3 30. Rxc3 Nf4 31. Rc7 Rd8 32. e5 N6xd5 33. exd6 Ne6 34. Ra7 Nb4 35. Be4 Nc5 36. Bb1 Bd7 37. Ne7+ Kf8 38. Ne5 Be6 39. N7c6 Nxc6 40. Nxc6 Rc8 41. Ne7 Rb8 42. Bf5 Bxf5 43. Nxf5 Rd8 44. Kf1 h5 45. Ke2 g6 46. d7 gxf5 47. Rc7 Nxd7 48. Rc6 Ra8 49. Rh6 Kg7 50. Rxh5 Kg6 51. Rh4 a5 52. Rd4 Nc5 53. Kd1 a4 54. Rd2 Ne4 55. Rb2 a3 0-1

[Event "Hessen Cup Goldener Springer"]
[Site "Griesheim"]
[Date "2019.01.20"]
[Round "6"]
[White "Mehlen, Theodor"]
[Black "Engel, Jan"]
[Result "1/2-1/2"]
[WhiteElo "1862"]
[BlackElo "1860"]
[PlyCount "154"]
[EventDate "2019.01.18"]
[EventType "swiss"]
[EventRounds "6"]
[EventCountry "GER"]
[SourceTitle "EXT 2020"]
[Source "ChessBase"]
[SourceDate "2019.10.17"]
[SourceVersion "1"]
[SourceVersionDate "2019.10.17"]
[SourceQuality "1"]

1. e4 c5 2. Nc3 Nc6 3. f4 g6 4. Nf3 Bg7 5. Bb5 e6 6. 0-0 Nge7 7. Qe1 0-0 8. a3 a6 9. Bc4 d5 10. Ba2 d4 11. Ne2 d3 12. cxd3 Qxd3 13. Bb1 Qd7 14. d3 b6 15. Qh4 Bb7 16. f5 exf5 17. Bh6 Qd6 18. Bxg7 Kxg7 19. Nf4 Nd4 20. Ba2 Rae8 21. Kh1 Qf6 22. Qg3 Kh8 23. e5 Qg7 24. Ng5 Nec6 25. e6 Nxe6 26. Bxe6 fxe6 27. Nfxe6 Qd7 28. Nxf8 Rxf8 29. Rfe1 Nd4 30. Qe5+ Qg7 31. Qxg7+ Kxg7 32. Re7+ Kf6 33. Rxb7 Kxg5 34. Re1 Rf6 35. Rxh7 Ne6 36. g3 f4 37. gxf4+ Nxf4 38. Rg1+ Kf5 39. Rf1 Kg5 40. h4+ Kg4 41. Rg1+ Kf5 42. Rg5+ Ke6 43. Rb7 Nd5 44. Rg1 Kf5 45. Rg5+ Ke6 46. Kg1 Kd6 47. Rb8 Ke6 48. Re8+ Kf7 49. Re1 Nf4 50. Rg3 Nh5 51. Rge3 Rd6 52. Rf1+ Nf6 53. Kf2 Kg7 54. Ke2 Kh6 55. Kd2 Kh5 56. Ref3 Ng4 57. Rf4 Ne5 58. Rf6 Rxd3+ 59. Kc2 Rg3 60. Rxb6 Nc4 61. Rff6 Nxb6 62. Rxb6 Kxh4 63. Rxa6 g5 64. Rc6 Rg2+ 65. Kc3 Rg1 66. Rh6+ Kg4 67. b3 Rf1 68. Kc4 Rf5 69. a4 Kf3 70. a5 g4 71. Rg6 g3 72. a6 Rf4+ 73. Kxc5 Rg4 74. Rxg4 Kxg4 75. a7 g2 76. a8Q g1Q+ 77. Kd6 Qg3+ 1/2-1/2

[Event "Hessen Cup Goldener Springer"]
[Site "Griesheim"]
[Date "2019.01.19"]
[Round "4"]
[White "Mehlen, Theodor"]
[Black "Bakiev, Diyor"]
[Result "0-1"]
[WhiteElo "1862"]
[BlackElo "1918"]
[PlyCount "108"]
[EventDate "2019.01.18"]
[EventType "swiss"]
[EventRounds "6"]
[EventCountry "GER"]
[SourceTitle "EXT 2020"]
[Source "ChessBase"]
[SourceDate "2019.10.17"]
[SourceVersion "1"]
[SourceVersionDate "2019.10.17"]
[SourceQuality "1"]

1. e4 Nf6 2. e5 Nd5 3. d4 d6 4. Nf3 dxe5 5. Nxe5 c6 6. Be2 Bf5 7. a3 e6 8. 0-0 Nd7 9. c4 N5f6 10. Nf3 Bd6 11. Nc3 0-0 12. Nh4 Bg6 13. Nxg6 hxg6 14. Bf3 Re8 15. g3 Bc7 16. Bg5 Nb6 17. b3 Qd7 18. Ne4 Nxe4 19. Bxe4 Bd8 20. Be3 Bf6 21. Ra2 Rad8 22. Rd2 Qe7 23. a4 Nc8 24. Bg2 Nd6 25. g4 Nc8 26. Qc2 Rd7 27. Rfd1 Red8 28. Rd3 Qe8 29. d5 cxd5 30. cxd5 e5 31. Rc3 e4 32. Rc4 Nd6 33. Rc7 Rxc7 34. Qxc7 Be5 35. Qc2 Rc8 36. Qb1 Qd7 37. h3 f5 38. f4 exf3 39. Bxf3 Qf7 40. g5 Qe7 41. Bxa7 Qxg5+ 42. Kf1 Qg3 43. Bg2 Ne4 44. Bxe4 fxe4 45. Qxe4 Rf8+ 46. Ke2 Qh2+ 47. Kd3 Qb2 48. Qc4 Rf3+ 49. Be3 Bf4 50. d6+ Kh7 51. Re1 Bxe3 52. Rxe3 Qb1+ 53. Qc2 Rxe3+ 54. Kd2 Re2+ 0-1

[Event "Heusenstamm Sparkassen op-A 5th"]
[Site "Heusenstamm"]
[Date "2018.11.25"]
[Round "6"]
[White "Mehlen, Theodor"]
[Black "Hinrichs, Hans Uwe"]
[Result "0-1"]
[WhiteElo "1919"]
[BlackElo "2075"]
[PlyCount "90"]
[EventDate "2018.11.22"]
[EventType "swiss"]
[EventRounds "7"]
[EventCountry "GER"]
[SourceTitle "CBM 188 Extra"]
[Source "ChessBase"]
[SourceDate "2019.02.26"]
[SourceVersion "1"]
[SourceVersionDate "2019.02.26"]
[SourceQuality "1"]

1. e4 c6 2. d4 g6 3. c3 d5 4. exd5 cxd5 5. Bd3 Nc6 6. Bf4 Bg7 7. Nf3 Nf6 8. Qc2 0-0 9. 0-0 Nh5 10. Be3 Bg4 11. Nbd2 Rc8 12. Qb1 Qc7 13. h3 Bxf3 14. Nxf3 Nf4 15. Re1 Nxd3 16. Qxd3 e6 17. Rab1 Na5 18. g3 Qc4 19. Qxc4 Nxc4 20. Bf4 Rc6 21. Nd2 Rfc8 22. Nxc4 Rxc4 23. Kg2 b5 24. a3 a5 25. Bd6 Bf8 26. Bxf8 Kxf8 27. Rbc1 b4 28. axb4 axb4 29. Re3 Rxd4 30. cxd4 Rxc1 31. Re2 Rd1 32. Rc2 Rxd4 33. Kf3 Rc4 34. Rd2 Ke7 35. Ke3 Kd6 36. Kd3 Kc5 37. Re2 b3 38. f4 Kd6 39. Rh2 f6 40. h4 e5 41. h5 e4+ 42. Ke3 f5 43. Rh4 Rc2 44. hxg6 Kc5 45. g7 d4# 0-1